000 00644cam a2200205 4500500
005 20260405001643.0
041 _afre
042 _adc
100 1 0 _aGarnier, Philippe
_eauthor
245 0 0 _aFerran Adrià : « En cuisine, le sens de l’humour est primordial »
260 _c2013.
500 _a52
690 _aCuisine
690 _aelBulli
690 _aFerran Adrià
690 _aGastronomie
690 _aPhilippe Garnier
786 0 _nPhilosophie magazine | 75 | 12 | 2013-12-01 | p. 15-15 | 1951-1787
856 4 1 _uhttps://shs.cairn.info/magazine-philosophie-magazine-2013-12-page-15?lang=fr&redirect-ssocas=7080
999 _c2049733
_d2049733